000 00498nam a2200193Ia 4500
003 LK-CoDNM
008 010623t1920 xxu||||| |||| 00| 1 sin d
040 _aLK-CoDNM
_dLK-CoDNM
_eLK-CoDNM
041 _asin
080 _a104 C 8
100 _aLak Patirana
245 _aශ්‍රීපාද වන්දනාව
246 _aSri Pada Vandanaawa
260 _bMaha Bhodi
_aColombo
_c1920
300 _b16p, ill, 21 cm
650 _aKotage Kathaawa
650 _aSri Padaya
942 _cBK
999 _c90301
_d90301